Mô hình nhân cách người thầy theo tư tưởng Hồ Chí Minh /

Đã lưu trong:
書目詳細資料
主要作者: Nguyễn Hồng Điệp, ThS.
格式: Bài viết
語言:Vietnamese
主題:
標簽: 添加標簽
沒有標簽, 成為第一個標記此記錄!
Thư viện lưu trữ: Thư viện Trường Đại học Đà Lạt
LEADER 00808nam a2200265 4500
001 DLU150168700
005 ##20150409
040 # # |a DLU  |b vie 
041 # # |a vie 
044 # # |a vn 
100 # # |a Nguyễn Hồng Điệp,   |c ThS. 
245 # # |a Mô hình nhân cách người thầy theo tư tưởng Hồ Chí Minh /  |c Nguyễn Hồng Điệp. 
653 # # |a Giáo dục đào tạo 
653 # # |a Nhân cách 
653 # # |a Phương pháp giảng dạy 
773 # # |t Tạp chí Giáo Dục  |g Số 321(1), 11/ 2013, tr.59-61 
920 # # |a Phòng Tạp chí -- Trung tâm Thông tin - Thư viện Trường Đại học Đà Lạt 
994 # # |a DLU 
900 # # |a True 
911 # # |a Trần Thị Minh Hương 
925 # # |a G 
926 # # |a A 
927 # # |a BB 
980 # # |a Thư viện Trường Đại học Đà Lạt